02047 am a2200397 a 450000500170000000800410001702000150005804100080007309200190008124500790010025002640017926000620044330000180050559000320052365300890055565300390064465300700068365300790075365300940083265300650092665300940099165300970108565300710118265300410125370000290129470000230132370000270134670000300137370000260140370000320142970000260146193000090148794200120149699900130150895201280152120120418093746.0100511s2001||||ag a f |||| 00| 0 spa d a9500607883 aspa c616.5l27sFIT aFitzpatrick. Dermatología en Medicina General T.1. cIrwin M. Freedberg. a5a ed.bTraducción Jorge Frydman ; Carolina M. Gallardo Miraval ; Diana S. Klajn : Karen Mikkelsen ; Marisa B. Maiocchi ; Marta de Luján Papponetti ; Ubaldo Patrone ; María Laura Ramorino ; Silvia N. Rondinone ; Damián Vázquez ; Angela Mayte Zuluaga aBuenos Aires : bEditorial Médica Panamericana, c2001. a1-970 p.bil. aDonación Dr. Mancuso 2007 aCorrelaciones clinicopatológicas de las lesiones cutáneas: enfoque diagnóstico aEstructura y desarrollo de la piel aBiología y funciones de la epidermis y de los anexos cutáneos aBiología de la matriz extracelular, los vasos sanguíneos y los nervios aBiología celular y molecular de la inflamación, la reparación y la carcinogénesis aManifestaciones no cutáneas de las enfermedades de la piel aEpidermis: trastornos inflamatorios persistentes, cinética y diferenciación celulares aEpidermis: enfermedades de la cohesión epidérmica. Enfermedades vesiculosas y ampollares aTrastornos de los anexos epidérmicos y enfermedades relacionadas aTumores de la epidermis y sus anexos1 aFreedberg, Irwin M.91901 aWolff, Klaus.91911 aAusten, K. Frank.91921 aGoldsmith, Lowell A.91931 aKatz, Stephen I.91941 aFitzpatrick, Thomas B.91951 aEisen, Arthur Z.9196 a1793 2ddccBK c304d304 00102ddc405171aBFMbBFMcCRd2011-05-13l0o616.5 27 FITp1793r2014-11-06tej.1w2011-05-13yBKzBaja 2017 (Caja 9)f